|
|
|
|
| LEADER |
00000nam a2200000Ii 4500 |
| 001 |
DIGRILEDIT1057 |
| 003 |
NyNyDIG |
| 006 |
m o d |
| 007 |
cr ||||||||||| |
| 008 |
211022s2020 cl ob 000 0 spa d |
| 035 |
|
|
|a (OCoLC)1282640632
|
| 040 |
|
|
|a DGITA
|b eng
|e rda
|e pn
|c DGITA
|
| 020 |
|
|
|z 9789560107763
|q impreso
|
| 041 |
0 |
|
|a spa
|a por
|
| 043 |
|
|
|a cl-----
|
| 050 |
1 |
4 |
|a F1408.3 ebook
|
| 082 |
0 |
4 |
|a 305.552
|
| 245 |
0 |
0 |
|a Intelectuales y pensamiento social y ambiental en América Latina /
|c editores, Ana Amélia M.C. de Melo y Fernando Marcelo de la Cuadra.
|
| 250 |
|
|
|a Primera edición.
|
| 264 |
|
1 |
|a Santiago de Chile :
|b RiL editores,
|c 2020.
|
| 300 |
|
|
|a 1 online resource.
|
| 336 |
|
|
|a text
|b txt
|2 rdacontent
|
| 337 |
|
|
|a computer
|b c
|2 rdamedia
|
| 338 |
|
|
|a online resource
|b cr
|2 rdacarrier
|
| 347 |
|
|
|a text file
|2 rdaft
|
| 347 |
|
|
|b EPUB
|
| 347 |
|
|
|b PDF
|
| 504 |
|
|
|a Includes bibliographical references.
|
| 546 |
|
|
|a Texts in Spanish and Portuguese.
|
| 588 |
0 |
|
|a Online resource; title from ePub title page (Digitalia, viewed October 22, 2021)
|
| 650 |
|
0 |
|a Intellectuals
|z Latin America.
|
| 651 |
|
0 |
|a Latin America
|x Intellectual life.
|
| 655 |
|
0 |
|a Electronic books.
|
| 700 |
1 |
|
|a Melo, Ana Amélia M. C. de,
|e editor.
|
| 700 |
1 |
|
|a Cuadra, Fernando Marcelo de la,
|e editor.
|
| 791 |
2 |
|
|a Digitalia (Firm),
|e distributor.
|
| 793 |
0 |
|
|g Digitalia eBook Collection:
|a Ril Editores
|
| 776 |
0 |
8 |
|i Print version:
|t Intelectuales y pensamiento social y ambiental en América Latina.
|b Primera edición.
|d Santiago de Chile : RiL editores, 2020
|z 9789560107763
|
| 856 |
4 |
0 |
|3 Digitalia Hispánica
|u https://www.digitaliapublishing.com/a/65553/
|
| 910 |
|
|
|a Premium collection: 2021
|